A Distant mirror : (Record no. 6297)
[ view plain ]
| 000 -LEADER | |
|---|---|
| fixed length control field | 00562nam a22001932 4500 |
| 001 - CONTROL NUMBER | |
| control field | 0000003236 |
| 005 - DATE AND TIME OF LATEST TRANSACTION | |
| control field | 20151217151919.0 |
| 008 - FIXED-LENGTH DATA ELEMENTS--GENERAL INFORMATION | |
| fixed length control field | 070502s xx 000 0 eng d |
| 040 ## - CATALOGING SOURCE | |
| Original cataloging agency | KABU |
| Transcribing agency | KABU |
| 050 #0 - LIBRARY OF CONGRESS CALL NUMBER | |
| Classification number | DC97.5 |
| Item number | .T83 |
| 100 1# - MAIN ENTRY--PERSONAL NAME | |
| Personal name | Tuchman, Barbara W. |
| -- | 0000152980 |
| 245 12 - TITLE STATEMENT | |
| Title | A Distant mirror : |
| Remainder of title | the calamitous 14th century. |
| 260 ## - PUBLICATION, DISTRIBUTION, ETC. (IMPRINT) | |
| Place of publication, distribution, etc. | New York : |
| Name of publisher, distributor, etc. | A. A. Knopf, |
| Date of publication, distribution, etc. | 1978. |
| 300 ## - PHYSICAL DESCRIPTION | |
| Extent | xxi, 720 p. |
| 651 #0 - SUBJECT ADDED ENTRY--GEOGRAPHIC NAME | |
| Geographic name | France |
| General subdivision | History |
| Chronological subdivision | 14th century. |
| -- | 0000152981 |
| 908 ## - PUT COMMAND PARAMETER (RLIN) | |
| Put command parameter | 070502 |
| 950 ## - LOCAL HOLDINGS (RLIN) | |
| -- | 1 |
| Withdrawn status | Lost status | Source of classification or shelving scheme | Not for loan | Home library | Current library | Date acquired | Total Checkouts | Full call number | Barcode | Date last seen | Price effective from | Koha item type |
|---|---|---|---|---|---|---|---|---|---|---|---|---|
| Library of Congress Classification | Kabarak, Main Campus | Kabarak, Main Campus | 17/12/2015 | DC97.5 .T83 | 000889 | 17/12/2015 | 17/12/2015 | General Collection |